| 000 | 01042cam a2200229 4500 | ||
|---|---|---|---|
| 001 | L136131 | ||
| 008 | 070112n1995 000 0 eng u | ||
| 020 |
_a047193979 _a9780471939795 |
||
| 035 | _a(Sirsi) u136131 | ||
| 041 | 0 | _aeng | |
| 050 | 0 | 4 | _a658.404 $2 18 |
| 100 | 1 | _aGrey, Stephen | |
| 245 | 0 | 0 | _aPractical risk assessment for project management |
| 260 |
_aChichester _bWiley _c1995 |
||
| 300 |
_axviii, 140p. _c25cm. |
||
| 505 | 1 | _aProject risk assessment -- Modelling and simulation -- Cost risk -- Schedule risk -- Business forecast risk -- Alternative techniques and tools | |
| 520 | _aDiscusses techniques for measuring and modelling the overall risk to a project's budget and schedule. Considers issue-based, scoring and quantitative techniques, data requirements for cost risk modelling, human factors and external dependencies in schedule risk, interpreting schedule risk model output and approaches to forecasting. | ||
| 590 | _aKA | ||
| 651 | 4 | _aInternational | |
| 690 |
_aProject management _96261 |
||
| 942 | _n0 | ||
| 999 |
_c106326 _d106326 |
||